Edward Said y la historiografía
Guardado en:
| Autor principal: | |
|---|---|
| Formato: | Libro |
| Lenguaje: | español |
| Publicado: |
Barcelona
Gedisa
2004
|
| Edición: | 1a. ed |
| Colección: | Encuentros Contemporáneos
|
| Materias: | |
| Etiquetas: |
Agregar Etiqueta
Sin Etiquetas, Sea el primero en etiquetar este registro!
|
MARC
| LEADER | 00000cam a2200000 a 4500 | ||
|---|---|---|---|
| 001 | UCK4371 | ||
| 003 | CL-VaPUC | ||
| 008 | 050603e20040000SP |||||||||||||||||spa|d | ||
| 020 | |a 8497840313 | ||
| 082 | 0 | 4 | |a 907.2 |b WAL |2 21 |
| 100 | 0 | |a Walia, Shelley |e author |9 492859 | |
| 245 | 1 | 0 | |a Edward Said y la historiografía |
| 250 | |a 1a. ed | ||
| 300 | |a 95 p | ||
| 942 | |c BK | ||
| 945 | |d 20050603 00:00:00 |a cmena | ||
| 260 | |a Barcelona |b Gedisa |c 2004 | ||
| 650 | 0 | |a Historiografía |9 257871 | |
| 650 | 0 | |a Ideologías políticas |9 255735 | |
| 650 | 0 | |a Colonialismo |9 316469 | |
| 650 | 7 | |a FILOSOFIA POLITICA |2 CL-VaPUC |9 492860 | |
| 583 | |a last modification |c 20160616 01:25:24 |k Rodrigo Vera | ||
| 490 | 0 | |a Encuentros Contemporáneos | |
| 999 | |c 313249 |d 313247 | ||
| 952 | |0 0 |1 0 |4 0 |6 907_200000000000000_WAL_2004 |7 0 |8 A |9 384474 |a BIBHIS |b BIBHIS |d 2019-11-22 |i 4135326 |o 907.2 WAL 2004 |p 4135326 |r 2025-01-20 |w 2019-11-22 |y BK |k HIS | ||
| 952 | |0 0 |1 0 |4 0 |6 907_200000000000000_WAL_2004 |7 0 |8 A |9 384475 |a FDOPOS |b FDOPOS |d 2019-11-22 |i 475364K |o 907.2 WAL 2004 |p 475364K |r 2025-01-22 |w 2019-11-22 |y BK |k DLH | ||
| 952 | |0 0 |1 0 |3 erb |4 0 |6 907_200000000000000_WAL_2004 |7 0 |8 A |9 384476 |a FDOHBE |b FDOHBE |e Huesbe Llanos, Marco Antonio, 1934- |i 5330947 |o 907.2 WAL 2004 |p 5330947 |r 2024-01-30 |w 2019-11-22 |y BK |z Catalogado en:20160616 |k HBE | ||